[Event "ESP-chT CECLUB Div2"]
[Site "Linares"]
[Date "2016.08.20"]
[Round "6"]
[White "Mejuto de Ulloa, Jorge"]
[Black "Nunez De la Cruz, Guillermo"]
[Result "1-0"]
[WhiteElo "2122"]
[BlackElo "1844"]
[PlyCount "69"]
[EventDate "2016.08.16"]
[EventType "team"]
[EventRounds "6"]
[EventCountry "ESP"]
[SourceTitle "CBM 174 Extra"]
[Source "ChessBase"]
[SourceDate "2016.10.10"]
[SourceVersion "1"]
[SourceVersionDate "2016.10.10"]
[SourceQuality "1"]
[WhiteTeam "Circulo Ferrolano"]
[BlackTeam "Extremadura Magic"]
[WhiteTeamCountry "ESP"]
[BlackTeamCountry "ESP"]

1. e4 c5 2. Nf3 d6 3. c4 Nf6 4. Nc3 Nc6 5. d4 cxd4 6. Nxd4 e6 7. Be2 Be7 8. 0-0 0-0 9. Be3 a6 10. Rc1 Qc7 11. a3 b6 12. Nd5 exd5 13. cxd5 Nxe4 14. Nxc6 b5 15. Bd3 Nc5 16. Bb1 Bb7 17. b4 Na4 18. Qd3 f5 19. Bd4 Bxc6 20. Rxc6 Qd8 21. Re1 g6 22. Bc2 Bf6 23. Bxa4 Bxd4 24. Qxd4 bxa4 25. Re6 Rc8 26. h3 Rxc6 27. dxc6 d5 28. Qe5 d4 29. Re7 Qxe7 30. Qxe7 d3 31. c7 d2 32. Qxf8+ Kxf8 33. c8Q+ Kf7 34. Qd7+ Kg8 35. Qd5+ 1-0